Statistics for Chelsea FC Most Capped Players - Top 25

Click here to take the quiz!

General Stats

  • This quiz has been taken 390 times
    (265 since last reset)
  • The average score is 8 of 25

Answer Stats

PlacePlayerNumber of games% Correct
4.Frank Lampard648
97%
3.John Terry717
95%
7.Petr Čech494
89%
14.Didier Drogba381
87%
24.Eden Hazard352
65%
6.Cesar Azpilicueta508
55%
16.Branislav Ivanović377
46%
15.Peter Osgood380
35%
8.Dennis Wise445
32%
18.John Obi Mikel372
29%
1.Ron Harris795
29%
23.John Harris364
26%
2.Peter Bonetti729
25%
19.Bobby Tambling370
23%
10.Kerry Dixon420
20%
9.Steve Clarke421
12%
21.Roy Bentley367
11%
17.Charlie Cooke373
9%
5.John Hollins592
9%
19.George Smith370
8%
11.Eddie McCreadie410
4%
12.John Bumstead409
3%
13.Ken Armstrong402
2%
25.Frank Blunstone347
1%
22.Harold Miller365
1%

Score Distribution

Percentile by Number Answered

Percent of People with Each Score

Your Score History

You have not taken this quiz since the last reset